[Event "HUN-chT2 Szechenyi 2324"]
[Site "Hungary"]
[Date "2024.03.03"]
[Round "5.8"]
[White "Szunyogh, Istvan"]
[Black "Lejer, Sandor"]
[Result "1-0"]
[WhiteElo "1867"]
[BlackElo "1873"]
[PlyCount "93"]
[EventDate "2023.10.08"]
[EventType "team-tourn"]
[EventRounds "9"]
[EventCountry "HUN"]
[SourceTitle "EXT 2025"]
[Source "ChessBase"]
[SourceDate "2024.10.14"]
[SourceVersion "1"]
[SourceVersionDate "2024.10.14"]
[SourceQuality "1"]
[WhiteTeam "Ezust Huszar"]
[BlackTeam "Ajka ASSE"]
[WhiteTeamCountry "HUN"]
[BlackTeamCountry "HUN"]

1. c4 Nf6 2. Nf3 d6 3. g3 b6 4. Bg2 Bb7 5. 0-0 e6 6. Nc3 Be7 7. b3 Ne4 8. Bb2 Nxc3 9. Bxc3 Bf6 10. Qc2 Bxc3 11. Qxc3 0-0 12. Rad1 Nd7 13. Rfe1 Bxf3 14. Bxf3 Rb8 15. d4 Qe7 16. Rd2 Rfd8 17. Bg2 c5 18. e3 h6 19. Red1 Nf6 20. Rd3 Qc7 21. Qd2 Ne8 22. Qe2 b5 23. cxb5 Rxb5 24. Rc3 Qa5 25. Qc2 cxd4 26. Rxd4 d5 27. a4 Rbb8 28. e4 Qb6 29. Rd2 d4 30. Rc6 Qxb3 31. Qxb3 Rxb3 32. e5 Rb1+ 33. Bf1 f6 34. exf6 Nxf6 35. Rxe6 Kf7 36. Ra6 Rb7 37. Kg2 Ne4 38. Bc4+ Kf8 39. Rd3 Rb4 40. Rf3+ Nf6 41. Bb5 Rxb5 42. axb5 d3 43. Ra1 Rd5 44. Kf1 Rxb5 45. Rxd3 a5 46. Rda3 Rb2 47. R3a2 1-0

[Event "HUN-chT2 Szechenyi 2223"]
[Site "Hungary"]
[Date "2023.02.19"]
[Round "6.5"]
[White "Lejer, Sandor"]
[Black "Tamas, Gyorgy"]
[Result "1/2-1/2"]
[WhiteElo "1890"]
[BlackElo "1892"]
[PlyCount "24"]
[EventDate "2022.11.20"]
[EventType "team-tourn"]
[EventRounds "9"]
[EventCountry "HUN"]
[SourceTitle "EXT 2025"]
[Source "ChessBase"]
[SourceDate "2024.10.14"]
[SourceVersion "1"]
[SourceVersionDate "2024.10.14"]
[SourceQuality "1"]
[WhiteTeam "Sentimento Ajka BSK III"]
[BlackTeam "Spartacus Sportkor"]
[WhiteTeamCountry "HUN"]
[BlackTeamCountry "HUN"]

1. Nf3 Nf6 2. d4 e6 3. e3 b6 4. b3 Bb7 5. Bb2 Be7 6. Bd3 0-0 7. 0-0 d5 8. c4 Nbd7 9. cxd5 exd5 10. Nc3 a6 11. a4 Bd6 12. Rc1 Ne4 1/2-1/2

[Event "HUN-chT2 Szechenyi 2223"]
[Site "Hungary"]
[Date "2023.02.12"]
[Round "5.5"]
[White "Szabo, Balazs1"]
[Black "Lejer, Sandor"]
[Result "1-0"]
[WhiteElo "1917"]
[BlackElo "1890"]
[PlyCount "125"]
[EventDate "2022.11.20"]
[EventType "team-tourn"]
[EventRounds "9"]
[EventCountry "HUN"]
[SourceTitle "EXT 2025"]
[Source "ChessBase"]
[SourceDate "2024.10.14"]
[SourceVersion "1"]
[SourceVersionDate "2024.10.14"]
[SourceQuality "1"]
[WhiteTeam "Ezust Huszar"]
[BlackTeam "Sentimento Ajka BSK III"]
[WhiteTeamCountry "HUN"]
[BlackTeamCountry "HUN"]

1. e4 d6 2. d4 Nf6 3. Nc3 c6 4. Nf3 Qc7 5. Be2 e5 6. 0-0 Be7 7. a4 a5 8. Bg5 0-0 9. Qd2 Na6 10. Rad1 Nb4 11. Ne1 Be6 12. f4 Qb6 13. Kh1 exd4 14. Qxd4 Qxd4 15. Rxd4 c5 16. Rd2 Nc6 17. Bxf6 Bxf6 18. Rxd6 Rfd8 19. Rxd8+ Rxd8 20. e5 Be7 21. Bd3 f5 22. exf6 Bxf6 23. Ne4 Be7 24. b3 Nd4 25. h3 b6 26. g4 Bc8 27. Kg2 Bb7 28. Kf2 Bh4+ 29. Ke3 Be7 30. Nf3 Nc6 31. Rd1 Nb4 32. Bc4+ Bd5 33. Rd2 Bxc4 34. bxc4 Rxd2 35. Kxd2 h6 36. Ne5 Bd8 37. Nc3 Bc7 38. Nd5 Bxe5 39. fxe5 Nc6 40. e6 Nd4 41. Nxb6 Nxe6 42. Ke3 Kf7 43. h4 Ke7 44. Ke4 Nd4 45. c3 Ne2 46. Kd5 Nxc3+ 47. Kxc5 g5 48. hxg5 Ne4+ 49. Kd5 Nxg5 50. c5 Nh7 51. Kc6 Kd8 52. Kb7 Nf6 53. c6 Ne8 54. Nd5 Nd6+ 55. Ka6 Nc4 56. c7+ Kd7 57. Kb7 Nd6+ 58. Kb8 Ke6 59. Nc3 Kd7 60. Nb5 Nc8 61. Kb7 Ne7 62. Na7 Kd6 63. Nc6 1-0

[Event "HUN-chT2 Szechenyi 2122"]
[Site "Hungary"]
[Date "2022.03.20"]
[Round "8.11"]
[White "Apro, Barnabas"]
[Black "Lejer, Sandor"]
[Result "1-0"]
[WhiteElo "1837"]
[BlackElo "1899"]
[PlyCount "51"]
[EventDate "2021.10.10"]
[EventType "team-tourn"]
[EventRounds "9"]
[EventCountry "HUN"]
[SourceTitle "EXT 2025"]
[Source "ChessBase"]
[SourceDate "2024.10.14"]
[SourceVersion "1"]
[SourceVersionDate "2024.10.14"]
[SourceQuality "1"]
[WhiteTeam "Csuti Baki Agrocentrum"]
[BlackTeam "Sentimento Ajka BSK"]
[WhiteTeamCountry "HUN"]
[BlackTeamCountry "HUN"]

1. e4 d6 2. d4 Nf6 3. Nc3 c6 4. Be3 Qa5 5. f3 e5 6. Nge2 Be7 7. Qd2 b5 8. Nc1 Nbd7 9. Nb3 Qc7 10. d5 a6 11. dxc6 Qxc6 12. Nd5 Nxd5 13. exd5 Qc7 14. a4 bxa4 15. Rxa4 0-0 16. Be2 Nb6 17. Rb4 Rb8 18. Na5 Bd7 19. 0-0 Nxd5 20. Rxb8 Rxb8 21. Qxd5 Be6 22. Qd2 Bd8 23. Nb3 Bxb3 24. cxb3 Rxb3 25. Rc1 Qb7 26. Qxd6 1-0

[Event "HUN-chT2 Szechenyi 2122"]
[Site "Hungary"]
[Date "2022.01.30"]
[Round "5.10"]
[White "Andras, Ferenc"]
[Black "Lejer, Sandor"]
[Result "0-1"]
[WhiteElo "1350"]
[BlackElo "1915"]
[PlyCount "96"]
[EventDate "2021.10.10"]
[EventType "team-tourn"]
[EventRounds "9"]
[EventCountry "HUN"]
[SourceTitle "EXT 2025"]
[Source "ChessBase"]
[SourceDate "2024.10.14"]
[SourceVersion "1"]
[SourceVersionDate "2024.10.14"]
[SourceQuality "1"]
[WhiteTeam "Sarvar"]
[BlackTeam "Sentimento Ajka BSK"]
[WhiteTeamCountry "HUN"]
[BlackTeamCountry "HUN"]

1. e4 d6 2. d4 Nf6 3. Nc3 c6 4. Nf3 Bg4 5. Bf4 Qa5 6. Qd3 Bxf3 7. Qxf3 e5 8. dxe5 dxe5 9. Bg5 Nbd7 10. Bc4 Bb4 11. 0-0 Bxc3 12. bxc3 0-0 13. Qg3 Nxe4 14. Qg4 Nxg5 15. Qxg5 Qxc3 16. Bd3 Nf6 17. Rfe1 e4 18. Be2 Qxc2 19. Bg4 Nxg4 20. Qxg4 f5 21. Qf4 Rad8 22. Rec1 Qd2 23. Qe5 Qd5 24. Qc3 Rf7 25. Qe3 b6 26. h3 Rfd7 27. Qc3 c5 28. Re1 Qd4 29. Qc2 Qb4 30. Rad1 Rd2 31. Rxd2 Rxd2 32. Qc1 Qd4 33. Rf1 b5 34. Qa3 c4 35. Qe7 Qd7 36. Qc5 Rd5 37. Qb4 Qd6 38. Qa5 a6 39. Rb1 h6 40. Qc3 Rd1+ 41. Rxd1 Qxd1+ 42. Kh2 Qd6+ 43. g3 Qc5 44. Kg2 b4 45. Qc2 Qd5 46. Qb2 a5 47. Qc2 e3+ 48. Kg1 Qd3 0-1

[Event "HUN-chT2 Szechenyi 2122"]
[Site "Hungary"]
[Date "2021.12.05"]
[Round "3.11"]
[White "Lejer, Sandor"]
[Black "Gyorfi, Norbert"]
[Result "1-0"]
[WhiteElo "1908"]
[BlackElo "1712"]
[PlyCount "49"]
[EventDate "2021.10.10"]
[EventType "team-tourn"]
[EventRounds "9"]
[EventCountry "HUN"]
[SourceTitle "EXT 2025"]
[Source "ChessBase"]
[SourceDate "2024.10.14"]
[SourceVersion "1"]
[SourceVersionDate "2024.10.14"]
[SourceQuality "1"]
[WhiteTeam "Sentimento Ajka BSK"]
[BlackTeam "Spartacus Sportkor"]
[WhiteTeamCountry "HUN"]
[BlackTeamCountry "HUN"]

1. Nf3 Nf6 2. d4 d5 3. c4 c6 4. e3 Bg4 5. Be2 dxc4 6. Bxc4 e6 7. 0-0 Nbd7 8. Be2 Be7 9. Nbd2 0-0 10. b3 Rc8 11. Bb2 c5 12. h3 Bh5 13. Rc1 a6 14. a4 cxd4 15. Nxd4 Rxc1 16. Bxc1 Bxe2 17. Qxe2 Nc5 18. Nc4 Nd5 19. Bb2 Qc7 20. Rc1 Nb4 21. Ba3 Nbd3 22. Rc2 Ne5 23. a5 Rc8 24. Nb6 Rd8 25. b4 1-0

[Event "HUN-chT2 Szechenyi 1819"]
[Site "Hungary"]
[Date "2019.02.24"]
[Round "6.4"]
[White "Lejer, Sandor"]
[Black "Bakos, Balazs1"]
[Result "1/2-1/2"]
[WhiteElo "1912"]
[BlackElo "1941"]
[PlyCount "23"]
[EventDate "2018.10.28"]
[EventType "team-tourn"]
[EventRounds "9"]
[EventCountry "HUN"]
[SourceTitle "EXT 2021"]
[Source "ChessBase"]
[SourceDate "2020.10.23"]
[SourceVersion "1"]
[SourceVersionDate "2020.10.23"]
[SourceQuality "1"]
[WhiteTeam "Ajka ASSE"]
[BlackTeam "Tapolca VSE II"]
[WhiteTeamCountry "HUN"]
[BlackTeamCountry "HUN"]

1. d4 Nf6 2. c4 e6 3. e3 d5 4. cxd5 exd5 5. Nf3 Bf5 6. Qb3 b6 7. Ne5 c6 8. Bd2 Bd6 9. Bb4 0-0 10. Bxd6 Qxd6 11. Nd2 Nbd7 12. Nxd7 1/2-1/2

[Event "HUN-chT2 Szechenyi 1819"]
[Site "Hungary"]
[Date "2019.02.10"]
[Round "5.4"]
[White "Farkas, Zsolt"]
[Black "Lejer, Sandor"]
[Result "1-0"]
[WhiteElo "2148"]
[BlackElo "1912"]
[PlyCount "33"]
[EventDate "2018.10.28"]
[EventType "team-tourn"]
[EventRounds "9"]
[EventCountry "HUN"]
[SourceTitle "EXT 2021"]
[Source "ChessBase"]
[SourceDate "2020.10.23"]
[SourceVersion "1"]
[SourceVersionDate "2020.10.23"]
[SourceQuality "1"]
[WhiteTeam "Csuti Baki Agrocentrum"]
[BlackTeam "Ajka ASSE"]
[WhiteTeamCountry "HUN"]
[BlackTeamCountry "HUN"]

1. e4 d6 2. Nc3 Nf6 3. d4 g6 4. f3 Bg7 5. Be3 0-0 6. Qd2 Re8 7. 0-0-0 c6 8. Bh6 Bh8 9. h4 b5 10. h5 a6 11. hxg6 hxg6 12. g4 Qa5 13. Qh2 Nbd7 14. e5 dxe5 15. dxe5 Nh7 16. Rxd7 Bxd7 17. Bf4 1-0

[Event "HUN-chT2 Szechenyi 1718"]
[Site "Hungary"]
[Date "2017.12.03"]
[Round "3.5"]
[White "Biskopics, Marton"]
[Black "Lejer, Sandor"]
[Result "1/2-1/2"]
[WhiteElo "1985"]
[BlackElo "1921"]
[PlyCount "29"]
[EventDate "2017.10.29"]
[EventType "team-tourn"]
[EventRounds "9"]
[EventCountry "HUN"]
[SourceTitle "EXT 2021"]
[Source "ChessBase"]
[SourceDate "2020.10.23"]
[SourceVersion "1"]
[SourceVersionDate "2020.10.23"]
[SourceQuality "1"]
[WhiteTeam "Keszthely Spartacus"]
[BlackTeam "Ajka ASSE"]
[WhiteTeamCountry "HUN"]
[BlackTeamCountry "HUN"]

1. c4 Nf6 2. g3 c6 3. Nf3 d6 4. d4 Nbd7 5. Nc3 e5 6. Bg2 Be7 7. Qc2 0-0 8. 0-0 Qc7 9. Bd2 h6 10. Rac1 Nh7 11. e4 Bf6 12. Be3 exd4 13. Bxd4 Ne5 14. Nxe5 dxe5 15. Be3 1/2-1/2

[Event "HUN-chT2 Szechenyi 1718"]
[Site "Hungary"]
[Date "2017.11.26"]
[Round "2.5"]
[White "Lejer, Sandor"]
[Black "Finy, Mark"]
[Result "1-0"]
[WhiteElo "1921"]
[BlackElo "1880"]
[PlyCount "69"]
[EventDate "2017.10.29"]
[EventType "team-tourn"]
[EventRounds "9"]
[EventCountry "HUN"]
[SourceTitle "EXT 2021"]
[Source "ChessBase"]
[SourceDate "2020.10.23"]
[SourceVersion "1"]
[SourceVersionDate "2020.10.23"]
[SourceQuality "1"]
[WhiteTeam "Ajka ASSE"]
[BlackTeam "Arboretum"]
[WhiteTeamCountry "HUN"]
[BlackTeamCountry "HUN"]

1. Nf3 d5 2. d4 Nf6 3. e3 e6 4. Be2 c5 5. 0-0 Nc6 6. b3 cxd4 7. exd4 Be7 8. Bb5 0-0 9. Bxc6 bxc6 10. Nbd2 Qa5 11. c4 c5 12. Bb2 Bb7 13. Qc2 Rac8 14. Bc3 Qc7 15. Rac1 Qf4 16. dxc5 Bxc5 17. Be5 Qh6 18. Qb2 Rfd8 19. b4 Bd6 20. Bxd6 Rxd6 21. c5 Rdd8 22. b5 Qf4 23. Qa3 Qb8 24. Nd4 Ba8 25. Qa4 Qf4 26. N2b3 e5 27. g3 Qe4 28. Rce1 Qg4 29. Rxe5 Nd7 30. f3 Qg6 31. Re7 Nxc5 32. Nxc5 Rxc5 33. Rfe1 Rf8 34. Qxa7 Rc4 35. Qxa8 1-0

[Event "HUN-chT2 Szechenyi 1617"]
[Site "Hungary"]
[Date "2016.12.11"]
[Round "6.8"]
[White "Lejer, Sandor"]
[Black "Barasits, Balint"]
[Result "1-0"]
[WhiteElo "1926"]
[BlackElo "1706"]
[PlyCount "63"]
[EventDate "2016.09.25"]
[EventType "team-tourn"]
[EventRounds "11"]
[EventCountry "HUN"]
[SourceTitle "EXT 2021"]
[Source "ChessBase"]
[SourceDate "2020.10.23"]
[SourceVersion "1"]
[SourceVersionDate "2020.10.23"]
[SourceQuality "1"]
[WhiteTeam "Lovo"]
[BlackTeam "Arboretum"]
[WhiteTeamCountry "HUN"]
[BlackTeamCountry "HUN"]

1. Nf3 Nc6 2. d4 d5 3. e3 Bf5 4. a3 Nf6 5. Bb5 a6 6. Bxc6+ bxc6 7. Bd2 Qb8 8. b4 Ne4 9. 0-0 a5 10. c3 Nd6 11. Bc1 f6 12. Nbd2 e6 13. Re1 Kd7 14. Nb3 Nc4 15. Nfd2 axb4 16. cxb4 Nxd2 17. Qxd2 Bd6 18. f3 e5 19. e4 Be6 20. dxe5 fxe5 21. exd5 cxd5 22. Qg5 Qf8 23. Bb2 Qf6 24. Qg3 Rhe8 25. Bxe5 Bxe5 26. Rxe5 Bf7 27. Nc5+ Kc6 28. Rc1 Kb5 29. Rxe8 Bxe8 30. Qxc7 Qf7 31. a4+ Kxb4 32. Qb6+ 1-0

[Event "HUN-chT2 Szechenyi 1617"]
[Site "Hungary"]
[Date "2016.10.30"]
[Round "3.8"]
[White "Bakos, Andrea"]
[Black "Lejer, Sandor"]
[Result "1-0"]
[WhiteElo "1855"]
[BlackElo "1926"]
[PlyCount "55"]
[EventDate "2016.09.25"]
[EventType "team-tourn"]
[EventRounds "11"]
[EventCountry "HUN"]
[SourceTitle "EXT 2021"]
[Source "ChessBase"]
[SourceDate "2020.10.23"]
[SourceVersion "1"]
[SourceVersionDate "2020.10.23"]
[SourceQuality "1"]
[WhiteTeam "Tapolca VSE II"]
[BlackTeam "Lovo"]
[WhiteTeamCountry "HUN"]
[BlackTeamCountry "HUN"]

1. e4 c5 2. Nf3 Nc6 3. d4 cxd4 4. Nxd4 d6 5. Nc3 g6 6. Bb5 Bd7 7. Nxc6 bxc6 8. Bc4 Bg7 9. Qd3 Nf6 10. 0-0 Qb6 11. Bb3 0-0 12. Be3 Qa5 13. h3 Rac8 14. Rfd1 Rfd8 15. Qc4 d5 16. Qc5 Qxc5 17. Bxc5 Kf8 18. exd5 cxd5 19. Bxa7 e6 20. a4 Ne8 21. Bb6 Nc7 22. a5 Bxc3 23. bxc3 Bb5 24. c4 dxc4 25. Rxd8+ Rxd8 26. Bxc7 Rd7 27. a6 Bc6 28. Ba4 1-0

[Event "HUN-chT2 Szechenyi 1516"]
[Site "Hungary"]
[Date "2015.12.06"]
[Round "6.7"]
[White "Metal, Imre"]
[Black "Lejer, Sandor"]
[Result "1/2-1/2"]
[WhiteElo "1798"]
[BlackElo "1954"]
[PlyCount "76"]
[EventDate "2015.09.13"]
[EventType "team-tourn"]
[EventRounds "11"]
[EventCountry "HUN"]
[SourceTitle "CBM 170 Extra"]
[Source "ChessBase"]
[SourceDate "2016.02.25"]
[SourceVersion "1"]
[SourceVersionDate "2016.02.25"]
[SourceQuality "1"]
[WhiteTeam "Zala Volan"]
[BlackTeam "Lovo"]
[WhiteTeamCountry "HUN"]
[BlackTeamCountry "HUN"]

1. c4 Nf6 2. Nc3 d5 3. d4 c6 4. cxd5 cxd5 5. Nf3 e6 6. Bg5 Be7 7. e3 Qb6 8. Qc2 Bd7 9. Bd3 h6 10. Bh4 0-0 11. 0-0 Nc6 12. a3 Rac8 13. Rac1 Ne4 14. Bxe7 Nxe7 15. Bxe4 dxe4 16. Nd2 f5 17. Qb3 Qxb3 18. Nxb3 b6 19. Nd2 Rc7 20. Ne2 Rfc8 21. Rxc7 Rxc7 22. Rc1 Rxc1+ 23. Nxc1 Nd5 24. Kf1 Bb5+ 25. Ke1 a5 26. Nb1 Bc6 27. Kd2 Kf7 28. Nc3 Nf6 29. h3 g5 30. b4 axb4 31. axb4 Ke7 32. b5 Bb7 33. N1a2 Kd6 34. Nb4 h5 35. g3 h4 36. Ke2 Nh5 37. gxh4 gxh4 38. Na4 Kc7 1/2-1/2

[Event "HUN-chT2 Szechenyi 1516"]
[Site "Hungary"]
[Date "2015.11.08"]
[Round "4.7"]
[White "Moder, Istvan"]
[Black "Lejer, Sandor"]
[Result "1-0"]
[WhiteElo "1824"]
[BlackElo "1954"]
[PlyCount "33"]
[EventDate "2015.09.13"]
[EventType "team-tourn"]
[EventRounds "11"]
[EventCountry "HUN"]
[SourceTitle "CBM 170 Extra"]
[Source "ChessBase"]
[SourceDate "2016.02.25"]
[SourceVersion "1"]
[SourceVersionDate "2016.02.25"]
[SourceQuality "1"]
[WhiteTeam "Ezust Huszar"]
[BlackTeam "Lovo"]
[WhiteTeamCountry "HUN"]
[BlackTeamCountry "HUN"]

1. d4 Nf6 2. Nf3 e6 3. e3 c5 4. c4 Nc6 5. Nc3 cxd4 6. exd4 d5 7. a3 dxc4 8. Bxc4 Be7 9. 0-0 0-0 10. Be3 Qc7 11. Qe2 a6 12. Rac1 b5 13. Ba2 Qb7 14. d5 Nd8 15. Rfd1 exd5 16. Nxd5 Be6 17. Rc7 1-0

[Event "HUN-chT2 Szechenyi 1415"]
[Site "Hungary"]
[Date "2015.03.01"]
[Round "9.8"]
[White "Lejer, Sandor"]
[Black "Kaufmann, Attila"]
[Result "1/2-1/2"]
[WhiteElo "1947"]
[BlackElo "1947"]
[PlyCount "64"]
[EventDate "2014.09.07"]
[EventType "team-tourn"]
[EventRounds "11"]
[EventCountry "HUN"]
[SourceTitle "EXT 2016"]
[Source "ChessBase"]
[SourceDate "2015.10.08"]
[SourceVersion "1"]
[SourceVersionDate "2015.10.08"]
[SourceQuality "1"]
[WhiteTeam "Lovo"]
[BlackTeam "Ajka Banyasz"]
[WhiteTeamCountry "HUN"]
[BlackTeamCountry "HUN"]

1. Nf3 d5 2. b3 Bf5 3. e3 Nd7 4. Ba3 g6 5. Bb2 Ngf6 6. h3 Be4 7. Ne5 Bg7 8. Nxd7 Qxd7 9. d3 Bf5 10. Be5 h5 11. Nd2 Rc8 12. a4 0-0 13. a5 a6 14. Ra4 Rfd8 15. Be2 c5 16. Rg1 Be6 17. g4 hxg4 18. hxg4 c4 19. g5 c3 20. Nf3 Ng4 21. Bxg7 Kxg7 22. Nd4 Ne5 23. Nxe6+ Qxe6 24. d4 Nd7 25. Rb4 Qc6 26. Bg4 e6 27. Qf3 Rh8 28. Ke2 b5 29. axb6 Nxb6 30. Qf6+ Kg8 31. Ra1 Ra8 32. Ra5 Qd6 1/2-1/2

[Event "HUN-chT2 Szechenyi 1415"]
[Site "Hungary"]
[Date "2014.11.30"]
[Round "5.8"]
[White "Lejer, Sandor"]
[Black "Katona, Janos"]
[Result "1-0"]
[WhiteElo "1947"]
[BlackElo "1951"]
[PlyCount "47"]
[EventDate "2014.09.07"]
[EventType "team-tourn"]
[EventRounds "11"]
[EventCountry "HUN"]
[SourceTitle "EXT 2016"]
[Source "ChessBase"]
[SourceDate "2015.10.08"]
[SourceVersion "1"]
[SourceVersionDate "2015.10.08"]
[SourceQuality "1"]
[WhiteTeam "Lovo"]
[BlackTeam "Sarvar"]
[WhiteTeamCountry "HUN"]
[BlackTeamCountry "HUN"]

1. Nf3 Nf6 2. d4 d5 3. e3 e6 4. Bd3 c5 5. 0-0 Nc6 6. b3 cxd4 7. exd4 Be7 8. Re1 0-0 9. a3 a6 10. Nbd2 b5 11. b4 Qb6 12. Nb3 a5 13. c3 Ba6 14. Rb1 Rac8 15. Bd2 Rfd8 16. Qe2 axb4 17. cxb4 Ne8 18. Bf4 Nd6 19. Bxd6 Rxd6 20. Nc5 Na7 21. a4 Rb8 22. Ne5 Bc8 23. Bxh7+ Kf8 24. Qh5 1-0

[Event "HUN-chT2 Szechenyi 1415"]
[Site "Hungary"]
[Date "2014.09.21"]
[Round "2.8"]
[White "Arany, Tamas"]
[Black "Lejer, Sandor"]
[Result "1/2-1/2"]
[WhiteElo "1840"]
[BlackElo "1947"]
[PlyCount "60"]
[EventDate "2014.09.07"]
[EventType "team-tourn"]
[EventRounds "11"]
[EventCountry "HUN"]
[SourceTitle "EXT 2016"]
[Source "ChessBase"]
[SourceDate "2015.10.08"]
[SourceVersion "1"]
[SourceVersionDate "2015.10.08"]
[SourceQuality "1"]
[WhiteTeam "Arboretum"]
[BlackTeam "Lovo"]
[WhiteTeamCountry "HUN"]
[BlackTeamCountry "HUN"]

1. e4 d6 2. d4 Nf6 3. Nc3 c6 4. f4 Bg4 5. Be2 Bxe2 6. Qxe2 e6 7. Nf3 Be7 8. Be3 Nbd7 9. 0-0 0-0 10. h3 Nh5 11. Qf2 b5 12. Ne2 Nb6 13. b3 f5 14. e5 Nd5 15. c4 Nxe3 16. Qxe3 g6 17. exd6 Qxd6 18. c5 Qd7 19. Ne5 Qc7 20. Qf3 Rac8 21. b4 Nf6 22. Nc3 Rfd8 23. Rfd1 Nd5 24. Nxd5 Rxd5 25. a4 Qb7 26. axb5 Qxb5 27. Rxa7 Bf6 28. Qg3 g5 29. Nf3 Qb8 30. Rda1 Qxf4 1/2-1/2

[Event "HUN-chT2 Szechenyi 1213"]
[Site "Hungary"]
[Date "2013.04.21"]
[Round "11.6"]
[White "Lejer, Sandor"]
[Black "Nemeth, Jozsef"]
[Result "0-1"]
[WhiteElo "1973"]
[BlackElo "2066"]
[PlyCount "56"]
[EventDate "2012.09.16"]
[EventType "team-tourn"]
[EventRounds "11"]
[EventCountry "HUN"]
[SourceTitle "EXT 2014"]
[Source "ChessBase"]
[SourceDate "2013.11.20"]
[SourceVersion "1"]
[SourceVersionDate "2013.11.20"]
[SourceQuality "1"]
[WhiteTeam "Lovo"]
[BlackTeam "Zala Volan"]
[WhiteTeamCountry "HUN"]
[BlackTeamCountry "HUN"]

1. Nf3 d5 2. d4 Nf6 3. c4 c6 4. e3 e6 5. Bd3 Nbd7 6. 0-0 Bd6 7. b3 e5 8. dxe5 Nxe5 9. Bb2 Nxf3+ 10. gxf3 Bh3 11. Re1 Ne4 12. f4 Qh4 13. Qf3 Bg4 14. Qg2 Bh3 15. Qf3 Ng5 16. fxg5 Bxh2+ 17. Kh1 Bg4 18. Qg2 Be5+ 19. Kg1 Bxb2 20. Nd2 Bxa1 21. Rxa1 0-0-0 22. Nf1 h6 23. gxh6 Rxh6 24. cxd5 Rxd5 25. Be4 Bh3 26. Qf3 Rf6 27. Bxd5 Rxf3 28. Bxf3 Qf6 0-1

[Event "HUN-chT2 Szechenyi 1213"]
[Site "Hungary"]
[Date "2013.02.17"]
[Round "7.7"]
[White "Babocs, Gyula"]
[Black "Lejer, Sandor"]
[Result "1/2-1/2"]
[WhiteElo "2013"]
[BlackElo "1973"]
[PlyCount "32"]
[EventDate "2012.09.16"]
[EventType "team-tourn"]
[EventRounds "11"]
[EventCountry "HUN"]
[SourceTitle "EXT 2014"]
[Source "ChessBase"]
[SourceDate "2013.11.20"]
[SourceVersion "1"]
[SourceVersionDate "2013.11.20"]
[SourceQuality "1"]
[WhiteTeam "Ajka Banyasz"]
[BlackTeam "Lovo"]
[WhiteTeamCountry "HUN"]
[BlackTeamCountry "HUN"]

1. e4 d6 2. d4 Nf6 3. Nc3 c6 4. h3 Qa5 5. Nf3 Nxe4 6. Bd2 Nxd2 7. Qxd2 Nd7 8. Bd3 e6 9. 0-0 Qb6 10. a3 Nf6 11. Ne2 Be7 12. Ng3 0-0 13. c3 h6 14. Rae1 Qc7 15. Bb1 a5 16. Qc2 g6 1/2-1/2

[Event "HUN-chT2 Szechenyi 1112"]
[Site "Hungary"]
[Date "2012.03.25"]
[Round "8.9"]
[White "Lejer, Sandor"]
[Black "Hajdu, Istvan"]
[Result "1/2-1/2"]
[WhiteElo "1969"]
[BlackElo "1944"]
[PlyCount "50"]
[EventDate "2011.09.25"]
[EventType "team-tourn"]
[EventRounds "11"]
[EventCountry "HUN"]
[SourceTitle "EXT 2013"]
[Source "ChessBase"]
[SourceDate "2012.11.22"]
[SourceVersion "1"]
[SourceVersionDate "2012.11.22"]
[SourceQuality "1"]
[WhiteTeam "Lovo"]
[BlackTeam "Haladas"]
[WhiteTeamCountry "HUN"]
[BlackTeamCountry "HUN"]

1. Nf3 d5 2. d4 e6 3. e3 c5 4. Bb5+ Bd7 5. Bxd7+ Nxd7 6. c3 Bd6 7. 0-0 Ngf6 8. b3 0-0 9. Bb2 b5 10. Nbd2 Rc8 11. Qe2 c4 12. e4 Nxe4 13. Nxe4 dxe4 14. Qxe4 Nf6 15. Qb7 Qa5 16. Nd2 Nd5 17. a4 Nxc3 18. Qf3 Nd5 19. Ne4 Bb8 20. axb5 Qxb5 21. Ba3 Rfd8 22. bxc4 Rxc4 23. Bc5 Ra4 24. Rab1 Qa6 25. Ng5 f6 1/2-1/2

[Event "HUN-chT2 Szechenyi 1112"]
[Site "Hungary"]
[Date "2012.02.19"]
[Round "6.9"]
[White "Lejer, Sandor"]
[Black "Szokolszky, Miklos"]
[Result "1-0"]
[WhiteElo "1969"]
[BlackElo "1793"]
[PlyCount "173"]
[EventDate "2011.09.25"]
[EventType "team-tourn"]
[EventRounds "11"]
[EventCountry "HUN"]
[SourceTitle "EXT 2013"]
[Source "ChessBase"]
[SourceDate "2012.11.22"]
[SourceVersion "1"]
[SourceVersionDate "2012.11.22"]
[SourceQuality "1"]
[WhiteTeam "Lovo"]
[BlackTeam "Sarvar"]
[WhiteTeamCountry "HUN"]
[BlackTeamCountry "HUN"]

1. Nf3 d5 2. d4 Nf6 3. e3 Nbd7 4. Be2 e6 5. 0-0 Bd6 6. b3 0-0 7. Bb2 b6 8. Nbd2 Bb7 9. c4 c6 10. h3 Rc8 11. Rc1 Re8 12. Qc2 Qc7 13. cxd5 cxd5 14. Qxc7 Rxc7 15. Rxc7 Bxc7 16. Bb5 a6 17. Bxd7 Nxd7 18. Rc1 Bd6 19. a3 a5 20. Nb1 Rc8 21. Rxc8+ Bxc8 22. Kf1 Ba6+ 23. Ke1 f6 24. Kd2 Kf7 25. Nc3 Ke7 26. e4 dxe4 27. Nxe4 Bc7 28. a4 Bd6 29. Nxd6 Kxd6 30. Ba3+ Kd5 31. Ke3 Bf1 32. Ne1 f5 33. g3 h6 34. h4 Ba6 35. Be7 Bf1 36. f4 Nf6 37. Bxf6 gxf6 38. Nf3 h5 39. Nd2 Ba6 40. Nb1 Kd6 41. Nc3 Kc6 42. d5+ Kd6 43. dxe6 Kxe6 44. Kd4 Bb7 45. Nd1 Bd5 46. Kc3 Kd6 47. Ne3 Be6 48. b4 axb4+ 49. Kxb4 Bd7 50. Nc4+ Kc6 51. Ne3 Kd6 52. Kc4 Bxa4 53. Nxf5+ Kd7 54. Ng7 Bd1 55. Kb5 Bg4 56. Kxb6 Ke7 57. f5 Kf7 58. Ne6 Bxf5 59. Nf4 Bg4 60. Kc5 f5 61. Kd6 Kf6 62. Nd5+ Kg6 63. Ke5 Kf7 64. Nf4 Ke7 65. Nd3 Kf7 66. Nb4 Ke7 67. Nc6+ Kf7 68. Nd8+ Ke7 69. Ne6 Kf7 70. Ng5+ Ke7 71. Nh7 Kf7 72. Nf6 Ke7 73. Nxg4 fxg4 74. Kf5 Kf7 75. Kg5 Ke6 76. Kxh5 Kf5 77. Kh6 Ke4 78. Kg5 Kf3 79. h5 Kxg3 80. h6 Kf3 81. h7 g3 82. h8Q g2 83. Qh3+ Kf2 84. Qf5+ Ke2 85. Qe4+ Kf2 86. Qf4+ Ke2 87. Qg3 1-0